| 000 | 05673nam a22005417a 4500 | ||
|---|---|---|---|
| 005 | 20110628104948.0 | ||
| 010 | _aENG-102857 B-446149-173 | ||
| 020 |
_a9788190749633 _c250.00 |
||
| 035 | _aEN-86390 B-446149-173 | ||
| 037 | _bDBAD/PUB | ||
| 037 | _bAllied Pub/Ven | ||
| 082 | _a363.34 | ||
| 100 |
_aDhunna, Mukesh _941906 |
||
| 245 |
_aDisaster management / _cby Mukesh Dhunna _b |
||
| 260 |
_aNew Delhi _bVayu Education of India _c2009 |
||
| 270 |
_a2/25, Ansari Road, Darya Ganj _bNew Delhi _e110002 |
||
| 300 | 2 |
_a308p. _c24cm (pbk) |
|
| 500 | _aIncludes index | ||
| 700 | _928907 | ||
| 942 |
_2ddc _cEN _mDHU _h363.34 |
||
| 999 |
_c53367 _d53367 |
||